Hauptstädte aus Elementen #2 - Statistiken

Allgemein
  • Dieses Quiz wurde 119 mal gespielt
  • Das Durchschnittsergebnis liegt bei 6 aus 8
Antwortstatistiken
Elementen Land % Korrekt
Molybdän + Natrium + Cobalt Monaco
97%
Radium + Bor + Astat Rabat
74%
Calcium + Radium + Calcium + Schwefel Caracas
73%
Cobalt + Natrium + Krypton + Yttrium Conakry
72%
Schwefel + Uran + Kohlenstoff + Rhenium Sucre
67%
Phosphor + Argon + Americium + Argon + Iod + Bor + Sauerstoff Paramaribo
62%
Praseodym + Iod + Schwefel + Titan + Natrium Pristina
62%
Kalium + Americium + Protactinium + Lanthan Kampala
54%
Keine übereinstimmenden Quizze gefunden
Verteilung der Resultate
Anzahl Personen mit jedem Resultat
Perzentil nach korrekt beantworteten Fragen
Ihre Resultats-Entwicklung
Sie haben dieses Quiz noch nicht gespielt